000 00394nam a2200145Ia 4500
003 GCL
008 140319s9999 xx 000 0 ara d
040 _aGCL /
_cGCL
082 0 4 _aط
_b607
_bس ت
100 1 _aسيد رمضان هدارة
245 1 0 _aالتليفزيون /
_cسيد رمضان هدارة
490 _aكيف يعمل
_v0
650 0 4 _aالتليفزيون
942 _2ddc
_cBK
999 _c46234
_d46234